El Inicio de la vida laboral como detonador de la independencia residencial de los jóvenes en México. = The Start of working life as the trigger for the residential Independence of Youth in Mexico /
El objetivo de este trabajo es analizar el efecto que ocasiona en los jóvenes mexicanos el iniciar la vida laboral al salir del hogar paterno. Se analiza por separado a los jóvenes que dejan el hogar paterno para iniciar una unión conyugal y a los que lo hacen por otra razón. Excluyendo las caracter...
Guardado en:
| Autor principal: | |
|---|---|
| Formato: | Texto |
| Materias: | |
| Etiquetas: |
Agregar Etiqueta
Sin Etiquetas, Sea el primero en etiquetar este registro!
|
MARC
| LEADER | 00000 a a2200000 04500 | ||
|---|---|---|---|
| 001 | 7599 | ||
| 003 | |||
| 040 | |||
| 100 | |a Pérez Amador, Julieta | ||
| 245 | |a El Inicio de la vida laboral como detonador de la independencia residencial de los jóvenes en México. = |b The Start of working life as the trigger for the residential Independence of Youth in Mexico / |c Julieta Pérez Amador | ||
| 500 | |a Resumen también en inglés | ||
| 520 | |a El objetivo de este trabajo es analizar el efecto que ocasiona en los jóvenes mexicanos el iniciar la vida laboral al salir del hogar paterno. Se analiza por separado a los jóvenes que dejan el hogar paterno para iniciar una unión conyugal y a los que lo hacen por otra razón. Excluyendo las características individuales y familiares particulares, se encuentra que la incorporación laboral está relacionada en forma fuerte y positiva con la salidad del hogar paterno en ambos tipos de partida, pero es más importante entre aquellos que salen por una vía distinta a la unión en pareja | ||
| 650 | |a TRABAJORES JOVENES | ||
| 650 | |a INDEPENDENCIA | ||
| 650 | |a HOGAR | ||
| 650 | |a ADULTOS | ||
| 650 | |a MEXICO | ||
| 773 | |g volumen 21, número 1 (61); páginas 7-47 | ||
| 999 | |c 34654 |d 34654 | ||
